| 000 | 00000nam 2200000zi 4500 |
| 001 | 9.887268 |
| 003 | CaOODSP |
| 005 | 20221107171645 |
| 006 | m o d f |
| 007 | cr bn||||||||| |
| 008 | 200512s1996 onc ob f000 0 eng d |
| 040 | |aCaOODSP|beng|erda|cCaOODSP |
| 043 | |an-cn--- |
| 086 | 1 |aIu44-189/1996E-PDF |
| 245 | 00|aGuide to the textile labelling and advertising regulations. |
| 264 | 1|a[Ottawa] : |bIndustry Canada = Industrie Canada, |c1996. |
| 300 | |a1 online resource (32 pages) |
| 336 | |atext|btxt|2rdacontent |
| 337 | |acomputer|bc|2rdamedia |
| 338 | |aonline resource|bcr|2rdacarrier |
| 500 | |aIssued also in French under title: Guide du règlement sur l'étiquetage et l'annonce des textiles. |
| 500 | |a"Fair Business Practices Branch, Information Bulletin No. 1, January 1996." |
| 500 | |aDigitized edition from print [produced by Innovation, Science and Economic Development Canada]. |
| 504 | |aIncludes bibliographical references. |
| 650 | 0|aTextiles|xLabeling|xLaw and legislation|zCanada. |
| 710 | 1 |aCanada. |bIndustry Canada. |
| 775 | 08|tGuide du règlement sur l'étiquetage et l'annonce des textiles.|w(CaOODSP)9.904180 |
| 856 | 40|qPDF|s1.58 MB|uhttps://publications.gc.ca/collections/collection_2021/isde-ised/iu44/Iu44-189-1996-eng.pdf |